00299nam a2200109Ia 4500008004100000041000800041082001300049100001700062245004400079260005700123300000900180220803s9999 xx 000 0 und d aeng a891.8KAS aKaskhedika N aswatatryaladyatil Rastriy Patrakarita b"Bhartiy Vichar Sadhana Prakashan Pune, Pune"c2022 a104p